[Event "DSOL 2021"]
[Site "Germany"]
[Date "2021.02.09"]
[Round "3.1"]
[White "Paul, Anatolij"]
[Black "Atri, Jamshid"]
[Result "1-0"]
[WhiteElo "1940"]
[BlackElo "1957"]
[Annotator "TA"]
[PlyCount "65"]
[EventDate "2021.01.18"]
[EventType "team-tourn"]
[EventCountry "GER"]
[SourceTitle "playchess.com"]
[Source "ChessBase"]
[SourceQuality "1"]

1. d4 Nf6 2. c4 e6 3. g3 d5 4. Nf3 Nbd7 5. Bg2 dxc4 6. O-O a6 7. a4 Rb8 8. a5 Be7 9. Qc2 O-O 10. Rd1 Nd5 11. e4 N5f6 12. Bf4 b5 13. axb6 Nxb6 14. Na3 Bb7 15. Ne5 Rc8 16. Naxc4 Nxc4 17. Nxc4 Qe8 18. Na5 Ba8 19. d5 exd5 20. exd5 Qd7 21. Nc6 Bb7 22. Qb3 Ba8 23. Rxa6 Bd6 24. Bxd6 Qxd6 25. Qa3 Qxa3 26. bxa3 Bxc6 27. Rxc6 Ra8 28. Rxc7 Rxa3 29. d6 Rd8 30. d7 Kf8 31. Rc8 Ke7 32. Re1+ Kxd7 33. Bh3+ 1-0

[Event "DSOL 2021"]
[Site "Germany"]
[Date "2021.02.11"]
[Round "3.1"]
[White "Lippert, Frank"]
[Black "Bress, Aaron"]
[Result "1-0"]
[WhiteElo "1791"]
[BlackElo "1795"]
[Annotator "NA"]
[PlyCount "97"]
[EventDate "2021.01.18"]
[EventType "team-tourn"]
[EventCountry "GER"]
[SourceTitle "playchess.com"]
[Source "ChessBase"]
[SourceQuality "1"]

1. d4 c6 2. e4 d5 3. e5 Bf5 4. g4 Bg6 5. h4 h5 6. e6 fxe6 7. Bd3 Bf7 8. g5 g6 9. Nf3 Bg7 10. c3 Qd6 11. O-O Nd7 12. Re1 O-O-O 13. Ne5 Nxe5 14. dxe5 Bxe5 15. Qf3 Rh7 16. Qe3 Bh8 17. Qxa7 e5 18. Be3 e4 19. Bf1 e6 20. a4 Ne7 21. Bc5 Qb8 22. Qxb8+ Kxb8 23. Bxe7 Re8 24. Bd6+ Kc8 25. a5 Kd7 26. Bg3 Ra8 27. Nd2 e5 28. Nb3 Kd6 29. c4 Be6 30. Rad1 Kc7 31. Nc5 Bg4 32. b4 Bxd1 33. Rxd1 d4 34. Rxd4 Re7 35. Bg2 b6 36. axb6+ Kxb6 37. Rd6 Ra1+ 38. Kh2 Rc7 39. Bxe4 Ra2 40. Ne6 Rc8 41. Rd7 Rb2 42. Bd3 c5 43. Rd6+ Ka7 44. b5 Ra2 45. Be4 Ra4 46. b6+ Kb8 47. Rd7 Rxc4 48. Rb7+ Ka8 49. Ra7+ 1-0

[Event "DSOL 2021"]
[Site "Germany"]
[Date "2021.02.08"]
[Round "3.1"]
[White "Hummel, Dirk"]
[Black "Lauer, Moritz"]
[Result "0-1"]
[WhiteElo "1766"]
[BlackElo "1701"]
[Annotator "NA RC"]
[PlyCount "62"]
[EventDate "2021.01.18"]
[EventType "team-tourn"]
[EventCountry "GER"]
[SourceTitle "playchess.com"]
[Source "ChessBase"]
[SourceQuality "1"]

1. d4 Nf6 2. c4 e6 3. Nc3 Bb4 4. Qc2 O-O 5. Nf3 d5 6. a3 Bxc3+ 7. Qxc3 Nbd7 8. Bg5 h6 9. Bxf6 Nxf6 10. e3 dxc4 11. Bxc4 b6 12. O-O Bb7 13. Rfd1 Qe7 14. b4 a5 15. b5 Bxf3 16. gxf3 Rfe8 17. Rac1 Rad8 18. h3 Rd7 19. Bf1 Nd5 20. Qb2 g5 21. Rc6 Qf6 22. Bg2 Ne7 23. Rc2 Ng6 24. Rc6 Nh4 25. Qe2 Kg7 26. Rdc1 Ree7 27. a4 Qf5 28. R1c4 e5 29. d5 Qb1+ 30. Rc1 Qb3 31. Qc2 Qxd5 0-1

[Event "DSOL 2021"]
[Site "Germany"]
[Date "2021.02.08"]
[Round "3.1"]
[White "Baerwolf, Steven"]
[Black "Risius, Philipp"]
[Result "1-0"]
[WhiteElo "1701"]
[BlackElo "1967"]
[Annotator "TA"]
[PlyCount "95"]
[EventDate "2021.01.18"]
[EventType "team-tourn"]
[EventCountry "GER"]
[SourceTitle "playchess.com"]
[Source "ChessBase"]
[SourceQuality "1"]

1. d4 f5 2. e4 c5 3. exf5 Nf6 4. Bg5 cxd4 5. Bxf6 Qa5+ 6. Qd2 Qxd2+ 7. Nxd2 gxf6 8. Ngf3 Nc6 9. Nb3 e5 10. fxe6 Bb4+ 11. Kd1 dxe6 12. Nbxd4 Ke7 13. Bd3 Rd8 14. Nxc6+ bxc6 15. Ke2 f5 16. h3 Kf6 17. g4 c5 18. g5+ Kg7 19. Ne5 Bb7 20. Rhg1 Ba5 21. g6 Bc7 22. gxh7+ Kxh7 23. Nf7 Rf8 24. Ng5+ Kh6 25. f3 Rae8 26. Rad1 Bf4 27. h4 Re7 28. Bc4 Bd5 29. Ba6 Kh5 30. Kf2 Be5 31. c3 Rb8 32. Be2 Kh6 33. f4 Bxf4 34. c4 Bc6 35. b3 Bh2 36. Rgf1 Be5 37. Bf3 Bd4+ 38. Rxd4 Bxf3 39. Rd6 Bg4 40. Rxe6+ Rxe6 41. Nxe6 Re8 42. Re1 Rc8 43. Re5 Kh5 44. Kg3 Rc6 45. Nf4+ Kh6 46. Re6+ Rxe6 47. Nxe6 Bd1 48. Nxc5 1-0

[Event "DSOL 2021"]
[Site "Germany"]
[Date "2021.02.12"]
[Round "3.1"]
[White "Ehrlich, Patrick"]
[Black "Buechel, David"]
[Result "0-1"]
[WhiteElo "1620"]
[BlackElo "1548"]
[Annotator "NA RC"]
[PlyCount "96"]
[EventDate "2021.01.18"]
[EventType "team-tourn"]
[EventCountry "GER"]
[SourceTitle "playchess.com"]
[Source "ChessBase"]
[SourceQuality "1"]
[WhiteTeam "SF Birkenfeld III "]
[BlackTeam "SF Gern VI"]

1. d4 Nf6 2. Nf3 e6 3. e3 d5 4. Bd3 Be7 5. Nbd2 O-O 6. Ne5 Nbd7 7. f4 Ne8 8. Ndf3 f6 9. Ng4 f5 10. Nge5 Nef6 11. O-O Ne4 12. Nxd7 Bxd7 13. Ne5 c5 14. c3 c4 15. Bc2 Be8 16. g4 Bf6 17. Qf3 Bxe5 18. fxe5 Bg6 19. gxf5 Bxf5 20. Qh5 Qe7 21. Rf4 Rf7 22. Bxe4 Bxe4 23. Rxf7 Qxf7 24. Qxf7+ Kxf7 25. Bd2 Bd3 26. Rd1 g6 27. Be1 Kg7 28. e4 Bxe4 29. Bg3 b5 30. Rf1 Bf5 31. Kf2 a5 32. Rg1 b4 33. h4 bxc3 34. bxc3 Rb8 35. Ke3 Rb2 36. Be1 Rxa2 37. h5 Ra1 38. hxg6 Bxg6 39. Ke2 a4 40. Kd2 a3 41. Bf2 Rxg1 42. Bxg1 a2 43. Ke3 a1=Q 44. Kf4 Qxg1 45. Kf3 Be4+ 46. Kf4 Qf2+ 47. Kg5 Qg3+ 48. Kh5 Bg6# 0-1

[Event "DSOL 2021"]
[Site "Germany"]
[Date "2021.02.10"]
[Round "3.1"]
[White "Jacoby, Florian"]
[Black "Lindhauer, Thorben"]
[Result "1/2-1/2"]
[WhiteElo "1620"]
[BlackElo "1620"]
[Annotator "NA RC"]
[PlyCount "66"]
[EventDate "2021.01.18"]
[EventType "team-tourn"]
[EventCountry "GER"]
[SourceTitle "playchess.com"]
[Source "ChessBase"]
[SourceQuality "1"]

1. e4 c6 2. c4 d5 3. exd5 cxd5 4. cxd5 Nf6 5. Nc3 Nxd5 6. Nf3 e6 7. d4 Be7 8. Bd3 O-O 9. O-O Nd7 10. Re1 b6 11. Nxd5 exd5 12. Bf4 Nf6 13. Rc1 Bd6 14. Ne5 Bb7 15. Bg5 h6 16. Bxf6 Qxf6 17. Nd7 Bxh2+ 18. Kxh2 Qd6+ 19. Ne5 f6 20. Kg1 fxe5 21. Rxe5 Rf6 22. Bb1 Raf8 23. Qd3 g6 24. f3 Kg7 25. a3 R8f7 26. Qe3 Qd7 27. Re1 Qb5 28. Qd2 Qc4 29. Re6 Ba6 30. Kh2 Qc7+ 31. Kg1 Qc4 32. Kh2 Qc7+ 33. Kg1 Qc4 1/2-1/2

[Event "DSOL 2021"]
[Site "Germany"]
[Date "2021.02.08"]
[Round "3.1"]
[White "Möeller, David"]
[Black "Röeder, Matthias"]
[Result "1/2-1/2"]
[WhiteElo "1620"]
[BlackElo "1747"]
[Annotator "NA RC"]
[PlyCount "79"]
[EventDate "2021.01.18"]
[EventType "team-tourn"]
[EventCountry "GER"]
[SourceTitle "playchess.com"]
[Source "ChessBase"]
[SourceQuality "1"]

1. e4 c6 2. Nf3 d5 3. Nc3 Bg4 4. h3 Bxf3 5. Qxf3 Nf6 6. Be2 e6 7. O-O Nbd7 8. d4 dxe4 9. Nxe4 Nxe4 10. Qxe4 Nf6 11. Qe3 Bd6 12. c4 O-O 13. b3 Re8 14. Bb2 Qe7 15. Rad1 e5 16. dxe5 Bxe5 17. Qxe5 Qxe5 18. Bxe5 Rxe5 19. Bf3 a5 20. a3 Kf8 21. Rd2 Ke7 22. Rfd1 g5 23. g3 h5 24. Kf1 g4 25. hxg4 hxg4 26. Bg2 Ra6 27. Re1 Rxe1+ 28. Kxe1 Rb6 29. Rd3 Nd7 30. Kd2 Nc5 31. Re3+ Kd6 32. Kc2 Ne6 33. Rd3+ Ke5 34. Kc3 Nc5 35. Re3+ Kd6 36. b4 Na4+ 37. Kb3 Nc5+ 38. Kc3 Na4+ 39. Kb3 Nc5+ 40. Kc3 1/2-1/2

[Event "DSOL 2021"]
[Site "Germany"]
[Date "2021.02.08"]
[Round "3.1"]
[White "Ratering, Jona"]
[Black "Di Franco, Patrizio"]
[Result "1-0"]
[WhiteElo "1620"]
[BlackElo "1670"]
[Annotator "NA RC"]
[PlyCount "65"]
[EventDate "2021.01.18"]
[EventType "team-tourn"]
[EventCountry "GER"]
[SourceTitle "playchess.com"]
[Source "ChessBase"]
[SourceQuality "1"]

1. Nf3 d5 2. c4 d4 3. b4 Nf6 4. e3 c5 5. Bb2 e5 6. Nxe5 Bd6 7. Nd3 cxb4 8. a3 bxa3 9. Nxa3 Nc6 10. Nb5 dxe3 11. Nxd6+ Qxd6 12. fxe3 Bf5 13. Nf4 O-O-O 14. Be2 Rhe8 15. Bxf6 gxf6 16. Nd5 Be4 17. Bf3 Bd3 18. Qb3 Be4 19. O-O f5 20. Bxe4 Rxe4 21. Rxf5 Rh4 22. Rxf7 Qxh2+ 23. Kf2 b6 24. Rc7+ Qxc7 25. Nxc7 Kxc7 26. d4 Rf8+ 27. Kg1 Rg4 28. Ra2 Rfg8 29. c5 bxc5 30. Qf7+ Kb6 31. dxc5+ Kxc5 32. Rc2+ Kb4 33. Qb7+ 1-0

[Event "DSOL 2021"]
[Site "Germany"]
[Date "2021.02.12"]
[Round "3.1"]
[White "Schmidt, Walter"]
[Black "Gschnitzer, Adrian"]
[Result "1-0"]
[WhiteElo "1619"]
[BlackElo "1620"]
[Annotator "NA RC"]
[PlyCount "83"]
[EventDate "2021.01.18"]
[EventType "team-tourn"]
[EventCountry "GER"]
[SourceTitle "playchess.com"]
[Source "ChessBase"]
[SourceQuality "1"]
[WhiteTeam "SK Bad Homburg I "]
[BlackTeam "SV Walldorf I"]

1. e4 e6 2. d4 d5 3. Nc3 dxe4 4. Nxe4 Bd7 5. Nf3 Bc6 6. Bd3 Nd7 7. O-O Ngf6 8. Qe2 Nxe4 9. Bxe4 Bxe4 10. Qxe4 c6 11. c4 Nf6 12. Qe2 Be7 13. Rd1 O-O 14. Bd2 Qc7 15. Bc3 Rad8 16. Ne5 Nd7 17. h3 Nxe5 18. dxe5 Rxd1+ 19. Rxd1 Rd8 20. Rd3 g6 21. Qd2 Bg5 22. Rxd8+ Qxd8 23. Qxd8+ Bxd8 24. Kf1 h5 25. Ke2 Bb6 26. f3 Bc5 27. Kd3 b5 28. cxb5 cxb5 29. Bd4 Bb4 30. Bxa7 Kf8 31. b3 Ke7 32. a4 bxa4 33. bxa4 Kd7 34. Kc4 Bd2 35. Kb5 Kc7 36. Bd4 Bc1 37. a5 Bd2 38. a6 Bc1 39. Bb6+ Kb8 40. Kc6 Bb2 41. Kd6 g5 42. Ke7 1-0

[Event "DSOL 2021"]
[Site "Germany"]
[Date "2021.02.10"]
[Round "3.1"]
[White "Wulf von Moers, Jens"]
[Black "Reimer, Philip"]
[Result "1-0"]
[WhiteElo "1587"]
[BlackElo "1571"]
[Annotator "NA RC"]
[PlyCount "49"]
[EventDate "2021.01.18"]
[EventType "team-tourn"]
[EventCountry "GER"]
[SourceTitle "playchess.com"]
[Source "ChessBase"]
[SourceQuality "1"]

1. e4 c5 2. Nc3 Nc6 3. f4 g6 4. Nf3 Bg7 5. Bb5 Nd4 6. O-O Nxb5 7. Nxb5 d5 8. exd5 a6 9. Nc3 Nf6 10. d4 Nxd5 11. dxc5 Nxc3 12. Qxd8+ Kxd8 13. bxc3 Bxc3 14. Rb1 Kc7 15. Rb3 Bf6 16. Bd2 Be6 17. Ba5+ Kc6 18. Rb6+ Kxc5 19. Rd1 Bd5 20. Ne5 Bxe5 21. fxe5 Bc6 22. Rb3 Bb5 23. a4 Bxa4 24. Rc3+ Kb5 25. Rd5# 1-0

[Event "DSOL 2021"]
[Site "Germany"]
[Date "2021.02.12"]
[Round "3.1"]
[White "Grotz, Stephan"]
[Black "Keyser, Robin"]
[Result "0-1"]
[WhiteElo "1516"]
[BlackElo "2070"]
[Annotator "TA"]
[PlyCount "38"]
[EventDate "2021.01.18"]
[EventType "team-tourn"]
[EventCountry "GER"]
[SourceTitle "playchess.com"]
[Source "ChessBase"]
[SourceQuality "1"]
[WhiteTeam "SF Gern I "]
[BlackTeam "SK Johanneum Eppendorf III"]

1. d4 d5 2. Nf3 Nf6 3. Bg5 c5 4. e3 Nc6 5. c3 Qb6 6. b3 Ne4 7. Bf4 cxd4 8. exd4 Bg4 9. Be2 e6 10. O-O Be7 11. Qd3 O-O 12. Nbd2 Bd6 13. Ne5 Bxe2 14. Qxe2 Nxc3 15. Qd3 Qxd4 16. Rfe1 Bxe5 17. Qxd4 Bxd4 18. Nf3 Ne2+ 19. Rxe2 Bxa1 0-1

[Event "DSOL 2021"]
[Site "Germany"]
[Date "2021.02.10"]
[Round "3.1"]
[White "Azimov, Stanislav"]
[Black "Fuellgrabe, Thomas"]
[Result "1/2-1/2"]
[WhiteElo "1489"]
[BlackElo "2266"]
[Annotator "TA"]
[PlyCount "97"]
[EventDate "2021.01.18"]
[EventType "team-tourn"]
[EventCountry "GER"]
[SourceTitle "playchess.com"]
[Source "ChessBase"]
[SourceQuality "1"]

1. e4 c6 2. d4 d5 3. f3 dxe4 4. fxe4 e5 5. Nf3 Bg4 6. Bc4 Nd7 7. O-O Ngf6 8. c3 Bd6 9. Bg5 h6 10. Bh4 g5 11. Bg3 Qe7 12. Qb3 O-O-O 13. Nbd2 Bh5 14. Rae1 Bc7 15. a4 Bg6 16. a5 a6 17. Nxe5 Nxe5 18. dxe5 Nh5 19. Nf3 Nxg3 20. hxg3 g4 21. Nd4 Qxe5 22. Bxf7 Bxf7 23. Rxf7 Qxg3 24. Rxc7+ Qxc7 25. Rf1 Rd7 26. Qe6 Qxa5 27. Rf7 Rhd8 28. Qxg4 Qe5 29. b4 h5 30. Qh3 Qe8 31. Rg7 Kb8 32. Rxd7 Rxd7 33. e5 a5 34. bxa5 Rd5 35. e6 Rxa5 36. Qg3+ Ka8 37. Qc7 Rd5 38. e7 Rd7 39. Qa5+ Kb8 40. Nxc6+ bxc6 41. Qb6+ Kc8 42. Qxc6+ Kb8 43. Qb5+ Ka7 44. Qa5+ Kb7 45. Qb5+ Kc7 46. Qc5+ Kb8 47. Qb5+ Ka8 48. Qa4+ Kb8 49. Qb5+ 1/2-1/2

[Event "DSOL 2021"]
[Site "Germany"]
[Date "2021.02.12"]
[Round "3.1"]
[White "Abhinav Raj V S"]
[Black "Korobov, Anton"]
[Result "0-1"]
[WhiteElo "1173"]
[BlackElo "2683"]
[Annotator "TA"]
[PlyCount "106"]
[EventDate "2021.01.18"]
[EventType "team-tourn"]
[EventCountry "GER"]
[SourceTitle "playchess.com"]
[Source "ChessBase"]
[SourceQuality "1"]
[WhiteTeam "SK Bickenbach IV "]
[BlackTeam "SF Gern VII"]

1. d4 d5 2. e3 Nf6 3. Nc3 Nc6 4. Bb5 Bd7 5. Nf3 a6 6. Ba4 Na5 7. Bxd7+ Qxd7 8. Ne5 Qd8 9. Qf3 e6 10. e4 Nc4 11. Bg5 Be7 12. Bxf6 Bxf6 13. Nxc4 dxc4 14. e5 Be7 15. O-O-O O-O 16. Ne4 b5 17. c3 c6 18. Nc5 Bxc5 19. dxc5 Qe7 20. Qxc6 Rfc8 21. Rd7 Rxc6 22. Rxe7 Rxc5 23. f4 Kf8 24. Rd7 Rd5 25. Rxd5 exd5 26. Rd1 Rd8 27. b3 Ke7 28. Kc2 Ke6 29. bxc4 bxc4 30. g4 Rb8 31. Re1 f6 32. f5+ Kf7 33. e6+ Ke7 34. h4 h6 35. Rd1 Rb5 36. Kd2 Kd6 37. Re1 Rb7 38. Ke3 Re7 39. Kf4 a5 40. a4 Re8 41. g5 h5 42. gxf6 gxf6 43. Re3 Ke7 44. Rd3 cxd3 45. Ke3 Rg8 46. Kxd3 Rg4 47. Ke3 Rxh4 48. Kf3 Rxa4 49. Ke3 Rg4 50. Kf3 Rg5 51. Kf4 h4 52. Ke3 h3 53. Kf2 h2 0-1

[Event "DSOL 2021"]
[Site "Germany"]
[Date "2021.02.12"]
[Round "3.2"]
[White "Perske, Thore"]
[Black "Fish, Gennadij"]
[Result "1/2-1/2"]
[WhiteElo "2445"]
[BlackElo "2455"]
[Annotator "TA"]
[PlyCount "128"]
[EventDate "2021.01.18"]
[EventType "team-tourn"]
[EventCountry "GER"]
[SourceTitle "playchess.com"]
[Source "ChessBase"]
[SourceQuality "1"]
[WhiteTeam "Heidesheim"]
[BlackTeam "Werder Bremen"]

1. e4 c5 2. Nf3 e6 3. c3 Nc6 4. d4 d5 5. exd5 exd5 6. Bb5 Bd6 7. O-O Nge7 8. dxc5 Bxc5 9. Nbd2 O-O 10. Nb3 Bd6 11. Bd3 h6 12. h3 Bf5 13. Bxf5 Nxf5 14. Qd3 Qd7 15. Re1 Rad8 16. Be3 Nfe7 17. Rad1 Ng6 18. Kf1 Be7 19. Qb5 b6 20. Nbd4 Na5 21. Qxd7 Rxd7 22. Nf5 Bf6 23. Bd4 Bxd4 24. Rxd4 Nc6 25. Rd2 Rfd8 26. g3 Nf8 27. N3d4 Nxd4 28. Nxd4 Ng6 29. h4 Kf8 30. Re3 Re8 31. Rxe8+ Kxe8 32. Nf5 f6 33. h5 Ne7 34. Re2 Kf7 35. Nxe7 Rxe7 36. Rxe7+ Kxe7 37. Ke2 Ke6 38. Ke3 Ke5 39. f4+ Ke6 40. g4 Kd6 41. a4 a6 42. Kd4 Kc6 43. b3 Kd6 44. Kd3 Kc6 45. Ke3 Kc5 46. Kd3 Kc6 47. Kd4 Kd6 48. b4 b5 49. a5 Kc6 50. g5 Kd6 51. gxh6 gxh6 52. Ke3 Ke6 53. Kf2 Kf5 54. Kf3 Ke6 55. Kg4 f5+ 56. Kf3 Kf7 57. Ke3 Ke7 58. Ke2 Ke6 59. Kd3 Kd7 60. Kd4 Kd6 61. Ke3 Ke7 62. Kd3 Kd7 63. Kc2 Kc6 64. Kd3 Kd7 1/2-1/2

[Event "DSOL 2021"]
[Site "Germany"]
[Date "2021.02.12"]
[Round "3.2"]
[White "Ward, Chris G"]
[Black "Harder, Clemens"]
[Result "1/2-1/2"]
[WhiteElo "2402"]
[BlackElo "2154"]
[Annotator "TA"]
[PlyCount "75"]
[EventDate "2021.01.18"]
[EventType "team-tourn"]
[EventCountry "GER"]
[SourceTitle "playchess.com"]
[Source "ChessBase"]
[SourceQuality "1"]
[WhiteTeam "Lübecker SV"]
[BlackTeam "Königsspringer Hamburg "]

1. d4 d5 2. Nf3 Nf6 3. c4 c6 4. Qc2 g6 5. Bf4 Bf5 6. Qb3 Qb6 7. c5 Qxb3 8. axb3 a6 9. Nc3 Nbd7 10. h3 h5 11. b4 Rc8 12. e3 Bg7 13. Ne5 Nxe5 14. Bxe5 O-O 15. Be2 Nd7 16. Bxg7 Kxg7 17. g4 hxg4 18. hxg4 Be6 19. f4 Nf6 20. g5 Nd7 21. Kd2 Rh8 22. Bf3 Bf5 23. Rxh8 Rxh8 24. Rh1 Rxh1 25. Bxh1 f6 26. gxf6+ Nxf6 27. Bf3 Kf7 28. Ne2 Be4 29. Bxe4 Nxe4+ 30. Kc2 Ke6 31. Nc1 g5 32. fxg5 Nxg5 33. Nb3 Kd7 34. Nd2 Ke6 35. Kd3 Kf5 36. Nb3 Nf7 37. Nd2 Ng5 38. Nb3 1/2-1/2

[Event "DSOL 2021"]
[Site "Germany"]
[Date "2021.02.09"]
[Round "3.2"]
[White "Williams, Justus"]
[Black "Gallasch, Robin"]
[Result "1/2-1/2"]
[WhiteElo "2328"]
[BlackElo "2067"]
[Annotator "TA"]
[PlyCount "142"]
[EventDate "2021.01.18"]
[EventType "team-tourn"]
[EventCountry "GER"]
[SourceTitle "playchess.com"]
[Source "ChessBase"]
[SourceQuality "1"]

1. e4 c6 2. d4 d5 3. e5 c5 4. dxc5 e6 5. a3 Nc6 6. Nf3 Bxc5 7. b4 Bb6 8. Bb2 Nge7 9. Bd3 Ng6 10. O-O O-O 11. Re1 Nf4 12. Bf1 f6 13. exf6 gxf6 14. c4 dxc4 15. Qxd8 Rxd8 16. Bxf6 Rf8 17. Bc3 Nh3+ 18. gxh3 Rxf3 19. Ra2 Rf4 20. Bg2 Bd7 21. Rd1 Nd4 22. Bd2 Nf3+ 23. Bxf3 Rxf3 24. Be3 Bc6 25. Nd2 Bxe3 26. fxe3 Rxh3 27. Nxc4 Bd5 28. Rc2 Kf7 29. e4 Rg8+ 30. Kf1 Bxc4+ 31. Rxc4 Kf6 32. Rd2 Rg7 33. Rc5 Re7 34. Rf2+ Kg6 35. Rc8 Rxa3 36. Rg8+ Kh6 37. Rf4 Kh5 38. h4 h6 39. Rf6 Rc7 40. Rf2 Kxh4 41. Kg2 Rcc3 42. Rf4+ Kh5 43. Rf2 Re3 44. Rb8 b6 45. Rh8 Rxe4 46. Rf6 Rg4+ 47. Kf2 Rg6 48. Rf4 Rag3 49. Ra8 Ra3 50. Rd8 Kg5 51. Rc4 Rf6+ 52. Ke2 h5 53. Rg8+ Rg6 54. Rf8 h4 55. Rc1 Rg3 56. Rh1 Kg4 57. Rc8 b5 58. Rd8 e5 59. Rd5 Rc6 60. Rxe5 Rc2+ 61. Kd1 Rc4 62. Rxb5 Kf3 63. Rf5+ Kg2 64. Rff1 Rd4+ 65. Ke2 Re4+ 66. Kd2 Ra3 67. Rfg1+ Kf2 68. Rf1+ Kg2 69. Rfg1+ Kf2 70. Rf1+ Kg3 71. Rfg1+ Kf2 1/2-1/2

[Event "DSOL 2021"]
[Site "Germany"]
[Date "2021.02.10"]
[Round "3.2"]
[White "Browning, Alex"]
[Black "Stanke, Juergen"]
[Result "1-0"]
[WhiteElo "2307"]
[BlackElo "2271"]
[Annotator "TA"]
[PlyCount "61"]
[EventDate "2021.01.18"]
[EventType "team-tourn"]
[EventCountry "GER"]
[SourceTitle "playchess.com"]
[Source "ChessBase"]
[SourceQuality "1"]

1. e4 c5 2. Nf3 e6 3. c3 Nf6 4. e5 Nd5 5. d4 cxd4 6. cxd4 d6 7. a3 Bd7 8. Bd3 Bc6 9. O-O Nd7 10. Qe2 Be7 11. Re1 dxe5 12. dxe5 Nc5 13. Bc2 Qb6 14. Nc3 Nxc3 15. bxc3 h6 16. Rb1 Qc7 17. Nd4 O-O 18. Qg4 f5 19. exf6 Rxf6 20. Nxe6 Nxe6 21. Rxe6 h5 22. Qe2 Kf8 23. Rxf6+ Bxf6 24. Qxh5 Re8 25. Be3 b6 26. Bg6 Rxe3 27. fxe3 Qd7 28. Rf1 Ke7 29. Rd1 Qe6 30. e4 Qa2 31. Qh8 1-0

[Event "DSOL 2021"]
[Site "Germany"]
[Date "2021.02.12"]
[Round "3.2"]
[White "Wintzer, Joachim"]
[Black "Schramm, Christian"]
[Result "1/2-1/2"]
[WhiteElo "2274"]
[BlackElo "2361"]
[Annotator "TA"]
[PlyCount "70"]
[EventDate "2021.01.18"]
[EventType "team-tourn"]
[EventCountry "GER"]
[SourceTitle "playchess.com"]
[Source "ChessBase"]
[SourceQuality "1"]
[WhiteTeam "SF Berlin I"]
[BlackTeam "SK Bickenbach I "]

1. d4 e6 2. c4 Nf6 3. Nf3 Bb4+ 4. Bd2 Be7 5. Nc3 d5 6. Bf4 O-O 7. e3 b6 8. Bd3 dxc4 9. Bxc4 a6 10. O-O Bb7 11. Qe2 b5 12. Bd3 Nbd7 13. Rfd1 Rc8 14. Ne5 Qe8 15. Rac1 c5 16. Nxd7 Qxd7 17. dxc5 Qc6 18. Qf1 b4 19. Ne2 Bxc5 20. Nd4 Qa4 21. Nb3 Be7 22. Bb1 Be4 23. Rxc8 Rxc8 24. Rc1 Rc6 25. Bxe4 Nxe4 26. Rxc6 Qxc6 27. Qc1 Qxc1+ 28. Nxc1 f6 29. f3 Nc5 30. e4 Kf7 31. Be3 f5 32. Bxc5 Bxc5+ 33. Kf1 fxe4 34. fxe4 Bd4 35. Nd3 a5 1/2-1/2

[Event "DSOL 2021"]
[Site "Germany"]
[Date "2021.02.08"]
[Round "3.2"]
[White "Wehner, Roland"]
[Black "Malek, Daniel"]
[Result "0-1"]
[WhiteElo "2250"]
[BlackElo "2348"]
[Annotator "TA"]
[PlyCount "106"]
[EventDate "2021.01.18"]
[EventType "team-tourn"]
[EventCountry "GER"]
[SourceTitle "playchess.com"]
[Source "ChessBase"]
[SourceQuality "1"]

1. Nf3 d5 2. g3 Nf6 3. Bg2 e6 4. b3 Be7 5. Bb2 O-O 6. O-O c5 7. c4 Nc6 8. e3 d4 9. exd4 cxd4 10. Re1 Ne8 11. d3 f6 12. Nbd2 e5 13. a3 a5 14. Qc2 Nc7 15. h3 Be6 16. Re2 Qd7 17. Kh2 Rfe8 18. Rae1 Bf8 19. g4 Ne7 20. Ne4 Ng6 21. Bc1 Rac8 22. Qb2 b5 23. g5 Kf7 24. Ng3 a4 25. gxf6 gxf6 26. h4 axb3 27. Qxb3 bxc4 28. dxc4 d3 29. Re3 Red8 30. h5 Nf4 31. Rxe5 Nxg2 32. Kxg2 Qc6 33. R5e4 Kg8 34. Rd1 Na6 35. Be3 Bxc4 36. Qb6 Bd5 37. Rg4+ Kf7 38. Qxc6 Bxc6 39. Bd4 Nc5 40. Rf4 Be7 41. Bxc5 Bxc5 42. Ne4 Bxa3 43. Ne5+ Ke7 44. Nxc6+ Rxc6 45. Kf3 Re6 46. Ke3 Bc5+ 47. Kf3 Bb6 48. Rb1 Rd4 49. Rxf6 Rdxe4 50. Rxb6 Rxf6+ 51. Rxf6 Kxf6 52. Kxe4 d2 53. Ke3 d1=Q 0-1

[Event "DSOL 2021"]
[Site "Germany"]
[Date "2021.02.11"]
[Round "3.2"]
[White "Brock, Friedemann"]
[Black "Bilek, Michael"]
[Result "1-0"]
[WhiteElo "2249"]
[BlackElo "2314"]
[Annotator "TA"]
[PlyCount "145"]
[EventDate "2021.01.18"]
[EventType "team-tourn"]
[EventCountry "GER"]
[SourceTitle "playchess.com"]
[Source "ChessBase"]
[SourceQuality "1"]

1. d4 Nf6 2. c4 e5 3. dxe5 Ne4 4. a3 b6 5. Nf3 a5 6. b3 Bb7 7. e3 Be7 8. Bb2 O-O 9. Nbd2 Nc5 10. Be2 Nc6 11. O-O h6 12. Qc2 Re8 13. Rad1 Bf8 14. Bc3 Ne6 15. Qb2 Qe7 16. Ra1 Ng5 17. Kh1 Nh7 18. Bd3 g6 19. Ne4 Bg7 20. Nf6+ Bxf6 21. exf6 Qe6 22. Qc2 Qg4 23. h3 Qh5 24. Kh2 Nf8 25. Rad1 d6 26. Be2 Qc5 27. Bb2 Ne5 28. Nxe5 dxe5 29. Qc3 Qc6 30. Bf3 e4 31. Bg4 h5 32. Be2 Nh7 33. Rd5 Qe6 34. Re5 Qc6 35. Rd1 Re6 36. Rxe6 Qxe6 37. c5 Bd5 38. Bc4 Bxc4 39. bxc4 Re8 40. Rd5 Qc8 41. Qd4 Nf8 42. Re5 Ne6 43. Qxe4 bxc5 44. f4 Qa8 45. Bc3 Kf8 46. Qd3 Rd8 47. Rd5 Ke8 48. f5 c6 49. Rxd8+ Nxd8 50. fxg6 Qb8+ 51. Kg1 fxg6 52. Qxg6+ Kd7 53. f7 Ne6 54. Qf5 Qd6 55. Be5 Qe7 56. Qxh5 Kc8 57. Qf5 Kb7 58. Qb1+ Ka6 59. Qf5 a4 60. Kh2 Kb7 61. Qb1+ Ka6 62. Qb8 Qxf7 63. Qc8+ Ka7 64. Bb8+ Kb6 65. Bg3 Qe7 66. Qa8 Qd7 67. Qxa4 Qd3 68. Qa8 Qxe3 69. a4 Qa3 70. Qb8+ Ka6 71. Qc8+ Ka5 72. Qxe6 Kxa4 73. Qxc6+ 1-0

[Event "DSOL 2021"]
[Site "Germany"]
[Date "2021.02.09"]
[Round "3.2"]
[White "Welzel, Philipp"]
[Black "Keymer, Vincent"]
[Result "0-1"]
[WhiteElo "2208"]
[BlackElo "2588"]
[Annotator "TA"]
[PlyCount "68"]
[EventDate "2021.01.18"]
[EventType "team-tourn"]
[EventCountry "GER"]
[SourceTitle "playchess.com"]
[Source "ChessBase"]
[SourceQuality "1"]

1. d4 Nf6 2. Nf3 d5 3. g3 b5 4. Bg2 e6 5. O-O Be7 6. a4 b4 7. c4 bxc3 8. Nxc3 O-O 9. Bf4 Na6 10. Ne5 Bb7 11. Qb3 Rb8 12. Nb5 Nd7 13. Rfc1 g5 14. Nxd7 Qxd7 15. Bxc7 Nxc7 16. Rxc7 Qd8 17. Qc2 a6 18. Na3 Bd6 19. Rc3 Qb6 20. e3 Rfc8 21. Bf1 Bc6 22. Rc1 Bd7 23. Rxc8+ Rxc8 24. Qd2 Rb8 25. Qd3 Bxa4 26. Qxa6 Qxa6 27. Bxa6 Rxb2 28. Nb1 Bb4 29. Nc3 Bc2 30. Ne2 Ra2 31. Bb7 Bd2 32. Rf1 Bd3 33. Nc1 Bxf1 34. Nxa2 Bc4 0-1